Rok proměny / Zuzana Říhová ; ilustrace Dana Sahánková
Tak trochu jiná "Kafkova Proměna" v podání české bohemistky a autorky, která byla v roce 2022 nominována i na cenu Magnesia Litera. U Kafků je veselo. Maminka má radost, že se synek v sanatoriu spravil, tatínek s chutí čte jeho inspekční zprávy z rodinné továrny na azbest. Franz zatím vzorně plní očekávání rodičů, ale jediné, na co při tom všem myslí, je vlastní psaní. A zas by na něj raději nemyslel, protože cítí, že v něm selhává ještě víc než v roli syna. Tolik potřebný oddech přinášejí návštěvy nevěstinců s Maxem. A ten chce ještě pozvat svou sestřenici z Berlína, nějakou Felici. Nakladatelská anotace.
Record details
- ISBN: 978-80-257-4516-8
- Physical Description: 108 stran ; 18 cm
- Edition: Vydání první
- Publisher: Praha : Argo, 2024
Search for related items by subject
| Genre: | české novely Czech novellas |
Available copies
- 1 of 1 copy available at Common Catalog SPOK.
Holds
- 0 current holds with 1 total copy.
Show All Copies
| Location | Call Number / Copy Notes | Barcode | Shelving Location | Status | Due Date |
|---|---|---|---|---|---|
| The Jewish community of Prague | K 3996 | 4638304961 | K - Beletrie | Available | - |
| LDR | 01829nam a2200373 i 4500 | ||
|---|---|---|---|
| 001 | 58043 | ||
| 003 | CZ-PrJAB | ||
| 005 | 20241018095900.0 | ||
| 007 | ta | ||
| 008 | 241017s2024 xr a g 000 j cze | ||
| 015 | . | ‡acnb003638330 | |
| 020 | . | ‡a978-80-257-4516-8 ‡q(brožováno) | |
| 035 | . | ‡a(CZ PrSKC)5020193 | |
| 040 | . | ‡aABG001 ‡bcze ‡erda | |
| 072 | 7. | ‡a821.162.3-3 ‡xČeská próza ‡2Konspekt ‡925 | |
| 080 | . | ‡a821.162.3-32 ‡2MRF | |
| 080 | . | ‡a(0:82-32) ‡2MRF | |
| 100 | 1 | . | ‡aŘíhová, Zuzana, ‡d1981- ‡7osa2016909286 ‡4aut |
| 245 | 1 | 0. | ‡aRok proměny / ‡cZuzana Říhová ; ilustrace Dana Sahánková |
| 250 | . | ‡aVydání první | |
| 264 | 1. | ‡aPraha : ‡bArgo, ‡c2024 | |
| 300 | . | ‡a108 stran ; ‡c18 cm | |
| 336 | . | ‡atext ‡btxt ‡2rdacontent | |
| 337 | . | ‡abez média ‡bn ‡2rdamedia | |
| 338 | . | ‡asvazek ‡bnc ‡2rdacarrier | |
| 520 | 2 | . | ‡aTak trochu jiná "Kafkova Proměna" v podání české bohemistky a autorky, která byla v roce 2022 nominována i na cenu Magnesia Litera. ‡bU Kafků je veselo. Maminka má radost, že se synek v sanatoriu spravil, tatínek s chutí čte jeho inspekční zprávy z rodinné továrny na azbest. Franz zatím vzorně plní očekávání rodičů, ale jediné, na co při tom všem myslí, je vlastní psaní. A zas by na něj raději nemyslel, protože cítí, že v něm selhává ještě víc než v roli syna. Tolik potřebný oddech přinášejí návštěvy nevěstinců s Maxem. A ten chce ještě pozvat svou sestřenici z Berlína, nějakou Felici. Nakladatelská anotace. |
| 655 | 7. | ‡ačeské novely ‡7fd133969 ‡2czenas | |
| 655 | 9. | ‡aCzech novellas ‡2eczenas | |
| 700 | 1 | . | ‡aSahánková, Dana, ‡d1984- ‡7ola20181005570 ‡4ill |
| 910 | . | ‡aABE461 | |
| 995 | . | ‡aska | |
| 901 | . | ‡a58043 ‡bAUTOGEN ‡c58043 ‡tbiblio | |